| 000 | 00608nam a2200181 a 4500 | ||
|---|---|---|---|
| 001 | BRCA_1823 | ||
| 005 | 20190320203550.0 | ||
| 008 | 210508s----1905mx-a---###---#000-0#spa-# | ||
| 050 | 4 |
_aHD9506.M4 _b.M56 1905 |
|
| 245 | 1 | 0 |
_aLas minas de México _bhistoria, geología, antigua mineria y descripción general de los estados mineros de la República Mexicana. |
| 260 |
_aMéxico _bJ.R. Southworth _c1905 |
||
| 300 |
_av.9 (260 p.) _bil. _c28 cm. |
||
| 500 | _aColección Sonia Corcuera de Mancera | ||
| 650 | 1 | 4 |
_aMinería _zMéxico _95671 |
| 650 | 1 | 4 |
_aGeología _zMéxico _95672 |
| 902 | _aDSC | ||
| 942 |
_2lcc _cB |
||
| 999 |
_c1604 _d1604 |
||